000
00293nam a2200121Ia 4500
008
190216s9999||||xx |||||||||||||| ||und||
100
_a
Korshak V V
245
0
_a
Advances In Polymer Chemistry
260
_b
Mir Publishers
_c
1986
300
_a
245p
650
_a
Chemistry-Chemistry
942
_c
BK
999
_c
2760
_d
2760